00265nam a2200097Ia 4500008004100000020001400041100001900055245003900074260003600113300001800149180205s9999 xx 000 0 und d a340490683 aArnold, Edward aPractical infromation technology / aGreat Britain:bWord starc1989 aix, 198 pages